| 000 | 00387nam a2200181Ia 4500 | ||
|---|---|---|---|
| 100 | _aVeseghi/Saeed V | ||
| 650 | _aDSP | ||
| 250 | _a3 | ||
| 942 | _cRB | ||
| 366 | _f20 | ||
| 654 | _anoise reduction | ||
| 245 | _aAdvanced digital signal processing and noise reduction | ||
| 260 |
_bWiley _c2006 |
||
| 082 |
_a621.3822 _bVES |
||
| 300 | _a453 | ||
| 546 | _aENGLISH | ||
| 999 |
_c26761 _d26761 |
||